Table Tennis Quiz #2 - Brands - Statistics

General Stats
  • This quiz has been taken 125 times
  • The average score is 6 of 14
Answer Stats
Hint Answer % Correct
Butterfly
94%
Donic
68%
Sweden Stiga
67%
Slovenia Tibhar
64%
Germany Joola
61%
DHS
58%
South Korea Xiom
45%
Andro
40%
Japanese Brands Nittaku
38%
Gewo
31%
Victas
31%
Yasaka
24%
China 729
15%
India Stag
13%
No matching quizzes found
Score Distribution
Percent of People with Each Score
Percentile by Number Answered
Your Score History
You have not taken this quiz